Volcanoes in history, in theory, in eruption / (Record no. 10630)
[ view plain ]
| 000 -LEADER | |
|---|---|
| fixed length control field | 00820cam a22002531 4500 |
| 001 - CONTROL NUMBER | |
| control field | 10630 |
| 003 - CONTROL NUMBER IDENTIFIER | |
| rucl marc code | BD-RjUL |
| 005 - DATE AND TIME OF LATEST TRANSACTION | |
| control field | 20211208235004.0 |
| 008 - FIXED-LENGTH DATA ELEMENTS--GENERAL INFORMATION | |
| fixed length control field | 140125r19631962txua 001 0 eng |
| 035 ## - SYSTEM CONTROL NUMBER | |
| System control number | (BD-RjUL)10678 |
| 040 ## - CATALOGING SOURCE | |
| Original cataloging agency | DLC |
| Transcribing agency | DLC |
| Modifying agency | DLC |
| -- | BD-RjUL |
| Language of cataloging | eng |
| 041 ## - LANGUAGE CODE | |
| Language code of text/sound track or separate title | eng |
| 082 00 - DEWEY DECIMAL CLASSIFICATION NUMBER | |
| Classification number | 551.21 |
| Author mark and year | BUV |
| 100 1# - MAIN ENTRY--PERSONAL NAME | |
| Personal name | Bullard, Fred M. |
| Fuller form of name | Fred Mason), |
| Dates associated with a name | 1901- |
| 9 (RLIN) | 32867 |
| 245 00 - TITLE STATEMENT | |
| Title | Volcanoes in history, in theory, in eruption / |
| Statement of responsibility, etc. | Fred M. Bullard. |
| 260 ## - PUBLICATION, DISTRIBUTION, ETC. (IMPRINT) | |
| Place of publication, distribution, etc. | [Austin] : |
| Name of publisher, distributor, etc. | University of Texas Press, |
| Date of publication, distribution, etc. | c1962 [1962, 1963]. |
| 300 ## - PHYSICAL DESCRIPTION | |
| Pagination | xvi, 441 p. : |
| Illustrations | illus. ; |
| Size | 24 cm. |
| 500 ## - GENERAL NOTE | |
| General note | Rev. ed. published in 1976 under title: Volcanoes of the Earth. |
| 504 ## - BIBLIOGRAPHY, ETC. NOTE | |
| Bibliography, etc | Includes bibliographical references and index. |
| 650 #0 - SUBJECT ADDED ENTRY--TOPICAL TERM | |
| Topical term or geographic name as entry element | Volcanoes. |
| 9 (RLIN) | 32868 |
| 942 ## - ADDED ENTRY ELEMENTS (KOHA) | |
| Source of classification or shelving scheme | Dewey Decimal Classification |
| Koha item type | Books |
| Lost status | Source of classification or shelving scheme | Damaged status | Not for loan | Collection code | Permanent Location | Current Location | Shelving location | Date acquired | Source of acquisition | Cost, normal purchase price | Total Checkouts | Full call number | Date last seen | Copy number | Koha item type |
|---|---|---|---|---|---|---|---|---|---|---|---|---|---|---|---|
| Dewey Decimal Classification | Not For Loan | Non-fiction | Central Library, University of Rajshahi | Central Library, University of Rajshahi | Reading Room | 20/11/1965 | Zeitlinger | 45.00 | 551.21 BUV 1963 | 25/01/2014 | C-1 | Books | |||
| Dewey Decimal Classification | Not For Loan | Non-fiction | Central Library, University of Rajshahi | Central Library, University of Rajshahi | Reading Room | 20/11/1965 | Zeitlinger | 45.00 | 551.21 BUV 1962 | 25/01/2014 | C-2 | Books |